In search of an all-seeing eye (Record no. 75980)
[ view plain ]
| 000 -LEADER | |
|---|---|
| fixed length control field | 00958cab a2200181 4500 |
| 001 - CONTROL NUMBER | |
| control field | ##L131183 |
| 008 - FIXED-LENGTH DATA ELEMENTS--GENERAL INFORMATION | |
| fixed length control field | 051005n2005 000 0 eng u |
| 035 ## - SYSTEM CONTROL NUMBER | |
| System control number | (Sirsi) u131183 |
| 041 0# - LANGUAGE CODE | |
| Language code of text/sound track or separate title | eng |
| 100 1# - MAIN ENTRY--PERSONAL NAME | |
| Personal name | Tinworth, Adam |
| 245 00 - TITLE STATEMENT | |
| Title | In search of an all-seeing eye |
| 260 3# - PUBLICATION, DISTRIBUTION, ETC. | |
| Date of publication, distribution, etc. | 2005 |
| 490 #0 - SERIES STATEMENT | |
| Series statement | Estates Gazette |
| Volume/sequential designation | (0539) 1 October 2005, 70-72(2) |
| 520 ## - SUMMARY, ETC. | |
| Summary, etc. | Asks whether forecasts using industry data offer valuable advice to the investor, in the second of four articles on property research (see also L131110). Forecasting is all about ensuring that investors and developers make the right decisions. Property is a long-term asset and thus forecasting the property market is more important than forecasting equity performance because it is more difficult to exit from the property market. Summarises the views of leading members of the Society of Property Reseachers. |
| 590 ## - LOCAL NOTE (RLIN) | |
| Local note | IKA111005 |
| 690 ## - LOCAL SUBJECT ADDED ENTRY--TOPICAL TERM (OCLC, RLIN) | |
| Topical term or geographic name as entry element | PROPERTY-PROPERTY MARKET |
| 942 ## - ADDED ENTRY ELEMENTS (KOHA) | |
| Suppress in OPAC | 0 |
| Withdrawn status | Lost status | Source of classification or shelving scheme | Damaged status | Not for loan | Home library | Current library | Shelving location | Date acquired | Total Checkouts | Full call number | Barcode | Date last seen | Copy number | Price effective from | Koha item type |
|---|---|---|---|---|---|---|---|---|---|---|---|---|---|---|---|
| Dewey Decimal Classification | London | London | Journal article | 05/10/2005 | L131183 | 131183-1001 | 06/08/2019 | 1 | 06/08/2019 | Journal article |